L'autre et le semblable : regards sur l'ethnologie des societes contemporaines

Αποθηκεύτηκε σε:
Λεπτομέρειες βιβλιογραφικής εγγραφής
Κύριος συγγραφέας: Agulhon, Maurice
Μορφή: Βιβλίο
Γλώσσα:French
Δημοσίευση: Paris : CNRS, 1989
Θέματα:
Ετικέτες: Προσθήκη ετικέτας
Δεν υπάρχουν, Καταχωρήστε ετικέτα πρώτοι!

MARC

LEADER 00000nam a2200000 i 4500
001 1/3041
008 960307s1989 fre d
020 |a 2-87682-024-2 
035 |l 10015078 
040 |a GR-MY-UA  |b gre  |e aacr 
041 0 |a fre 
082 0 |a 306 
100 1 |a Agulhon, Maurice. 
245 1 0 |a L'autre et le semblable :  |b regards sur l'ethnologie des societes contemporaines /  |c Textes de Maurice Agulhon...[et. al.] ; Rassembles et introduits par Martine Segalen 
260 |a Paris :   |b CNRS,   |c 1989 
300 |a 239 p. 
650 0 0 |a Ethnology. 
852 |a INST  |b LESVOS  |e 19960307  |h 306 AUT  |p 005100006962  |q 005100006962  |t BK  |y 0 
909 |a Λ  |b 034005 
922 |a 1ΔΩΡ  |b 199312  |c ΤΚΑ